Statistics for Actors Who've Played the President

Click here to take the quiz!

General Stats

  • This quiz has been taken 30 times
  • The average score is 10 of 27

Answer Stats

Movie/SeriesCharacter NameAnswer% Correct
Air Force OneJames MarshallHarrison Ford
83%
House of CardsFrank UnderwoodKevin Spacey
83%
LincolnAbraham LincolnDaniel Day Lewis
77%
The West WingJosiah BartlettMartin Sheen
67%
Night at the Museum (Movie Series)Theodore RooseveltRobin Williams
63%
Deep ImpactTim BeckMorgan Freeman
57%
DaveDave Kovic/Harrison MitchellKevin Kline
53%
The American PresidentAndrew ShepherdMichael Douglas
53%
Dr. StrangeloveMerkin MuffleyPeter Sellers
53%
Independence DayThomas WhitmoreBill Pullman
47%
House of CardsClaire UnderwoodRobin Wright
47%
Primary ColorsJack StantonJohn Travolta
37%
Frost/NixonRichard NixonFrank Langella
33%
White House DownJames William SawyerJamie Foxx
33%
Designated SurvivorTom KirkmanKiefer Sutherland
30%
John AdamsJohn AdamsPaul Giamatti
27%
Hyde Park On HudsonFranklin D. RooseveltBill Murray
17%
1776John AdamsWilliam Daniels
17%
The ContenderJackson EvansJeff Bridges
13%
SelmaLyndon B. JohnsonTom Wilkinson
13%
National Treasure: Book of SecretsUnspecifiedBruce Greenwood
10%
2012Thomas WilsonDanny Glover
10%
Iron Man 3Matthew EllisWilliam Sadler
10%
LBJLyndon B. JohnsonWoody Harrelson
10%
X-Men: Days of Future PastRichard NixonMark Camacho
7%
WatchmenRichard NixonRobert Wisden
7%
Olympus Has FallenBenjamin AsherAaron Eckhardt
0%

Score Distribution

Percentile by Number Answered

Percent of People with Each Score

Your Score History

You have not taken this quiz